000 00402pab a2200157 454500
008 180718b2013 xxu||||| |||| 00| 0 eng d
100 _aJeelani, S.
245 _aChallenges and opportunities in implementation of the new scheme: RUSA
260 _c2013
300 _ap.62-65,69.
362 _a30 Sep
650 _aHigher education
773 _aUniversity News
908 _aN
909 _a101552
999 _c101550
_d101550